000 00940nam a2200229 i 4500
001 95921
003 ES-MaACL
007 t|
008 050608s1985 sp ||||1| spa d
020 _a84-282-0761-5
100 1 _aMacchi, César.
_975081
245 1 0 _aTeleinformática
_b: transporte y tratamiento de la información en las redes y sistemas teleinformáticos /
_cCésar Macchi, Jean-François Guilbert; prólogo de Jacques Arsac y Bernard Picinbono; conclusión de François H. Raymond; [traducido por José Bosch Solsona y Federico Valero Cuní].
260 _aBarcelona :
_bOmega,
_c1985.
300 _aXXV, 650 p. ;
_c24 cm.
700 1 _aGuilbert, Jean-François.
_960693
700 1 _aArsac, Jacques.
_923405
700 1 _aPicinbono, Bernard.
_991845
700 1 _aRaymond, François H.
_995629
700 1 _aBosch Solsona, José.
_930666
700 1 _aValero Cuní, Federico.
_9112664
852 _aES-MaACL
_jL-8928
_bR.110642
999 _c95921
_d95921